[Event "British Columbia-op"]
[Site "Richmond"]
[Date "2016.02.08"]
[Round "5.4"]
[White "Fernandez, Lautaro"]
[Black "Moore, Harry"]
[Result "1-0"]
[WhiteElo "2099"]
[BlackElo "2213"]
[PlyCount "47"]
[EventDate "2016.02.06"]
[EventType "swiss"]
[EventRounds "6"]
[EventCountry "CAN"]
[SourceTitle "EXT 2022"]
[Source "ChessBase"]
[SourceDate "2021.10.06"]
[SourceVersion "1"]
[SourceVersionDate "2021.10.06"]
[SourceQuality "1"]

1. e4 c5 2. Nf3 d6 3. d4 cxd4 4. Nxd4 Nf6 5. Nc3 a6 6. Bg5 e6 7. f4 Qc7 8. Qf3 Nbd7 9. 0-0-0 b5 10. Bd3 Bb7 11. Rhe1 0-0-0 12. Kb1 Kb8 13. Qe2 b4 14. Na4 Qa5 15. b3 Rc8 16. Bh4 Nc5 17. Nxc5 dxc5 18. Bxf6 gxf6 19. Nf3 Bh6 20. g3 c4 21. Bxc4 Qa3 22. Qe3 f5 23. exf5 Bxf3 24. Qb6+ 1-0

[Event "Montreal op"]
[Site "Montreal"]
[Date "2005.07.19"]
[Round "3"]
[White "Rivest, Jean Michel"]
[Black "Fernandez, Lautaro"]
[Result "1-0"]
[WhiteElo "1920"]
[BlackElo "2120"]
[PlyCount "73"]
[EventDate "2005.07.15"]
[EventType "swiss"]
[EventRounds "9"]
[EventCountry "CAN"]
[SourceTitle "EXT 2007"]
[Source "ChessBase"]
[SourceDate "2006.11.23"]
[SourceVersion "1"]
[SourceVersionDate "2006.11.23"]
[SourceQuality "1"]

1. e4 c5 2. Nf3 e6 3. d4 cxd4 4. Nxd4 Nf6 5. Nc3 Qb6 6. Nb3 Bb4 7. Bd3 d5 8. exd5 Nxd5 9. Bd2 Nxc3 10. bxc3 Be7 11. Qh5 Nd7 12. 0-0 Nf6 13. Qg5 Bd7 14. Qxg7 Rg8 15. Qh6 Bc6 16. g3 Ng4 17. Qh5 Bf6 18. Rae1 Ke7 19. Nd4 Bxd4 20. cxd4 Qxd4 21. Bg5+ f6 22. Qxh7+ Kd6 23. Bc1 Bd5 24. Ba3+ Kc6 25. c4 Bxc4 26. Bxc4 Ne5 27. Be2 b5 28. Rc1+ Nc4 29. Bf3+ Kb6 30. Rxc4 Qxc4 31. Qb7+ Ka5 32. Rc1 Qd3 33. Qc7+ Ka4 34. Bd1+ Kxa3 35. Rc3+ Qxc3 36. Qxc3+ Kxa2 37. Bb3+ 1-0

[Event "Oz.com qual blitz"]
[Site "ICC INT"]
[Date "2000.03.05"]
[Round "6"]
[White "Tsaturian, Valeri Surenovich"]
[Black "Fernandez, Lautaro"]
[Result "1/2-1/2"]
[WhiteElo "2363"]
[BlackElo "2025"]
[PlyCount "109"]
[EventDate "2000.03.05"]
[EventType "swiss (blitz)"]
[EventRounds "9"]
[EventCountry "USA"]
[SourceTitle "EXT 2001"]
[Source "ChessBase"]
[SourceDate "2000.11.22"]
[SourceVersion "1"]
[SourceVersionDate "2000.11.22"]
[SourceQuality "1"]

1. Nf3 d5 2. g3 c6 3. Bg2 Bg4 4. 0-0 Bxf3 5. exf3 Nf6 6. f4 e6 7. d3 Bd6 8. Nd2 0-0 9. Nf3 Nbd7 10. Re1 Qc7 11. b3 e5 12. fxe5 Nxe5 13. Bb2 Rfe8 14. Qd2 h6 15. Nxe5 Bxe5 16. Bxe5 Rxe5 17. Rxe5 Qxe5 18. Re1 Qf5 19. a4 Re8 20. Rxe8+ Nxe8 21. Qe3 Qd7 22. Qxa7 Nf6 23. Qb8+ Kh7 24. Qe5 Qg4 25. Qe1 Qd4 26. h3 Nh5 27. Kh2 f5 28. Bf3 Nf6 29. Kg2 f4 30. Qe6 fxg3 31. fxg3 Qc3 32. Qe2 Qd4 33. Qd2 Kh8 34. c3 Qe5 35. d4 Qf5 36. a5 Ne4 37. Bxe4 dxe4 38. Qe3 Qxa5 39. Qxe4 Qa2+ 40. Kf3 Qxb3 41. Qe8+ Qg8 42. Qd7 Qf8+ 43. Kg2 Qa8 44. Kf3 Kg8 45. Qe6+ Kh8 46. Qd7 Qf8+ 47. Kg2 Qa3 48. Qe8+ Kh7 49. Qe4+ Kg8 50. Qe8+ Qf8 51. Qd7 Qa3 52. Qe8+ Kh7 53. Qe4+ Kg8 54. Qe8+ Kh7 55. Qe4+ 1/2-1/2